| 000 | 02314nam a2200397 c 4500 | ||
|---|---|---|---|
| 999 |
_c11564 _d11564 |
||
| 003 | BLK | ||
| 005 | 20210205112557.0 | ||
| 008 | 180412b bul|||||r ||||||| ||bul|| | ||
| 010 | _aKNG00013114000 | ||
| 020 | _a954-584-088-9 | ||
| 020 | _a954-584-165-6 | ||
| 040 | _aBLK | ||
| 041 |
_aBUL _cBUL |
||
| 080 |
_aОбща световна история. История на света _b930.9 _z930.9 |
||
| 080 |
_aИстория на цивилизацията. История на културата _b930.85 _z930.85 |
||
| 139 |
_aИстория на света _bИ 95 |
||
| 245 | 1 | 0 |
_aИстория на света _bВ 20 т. _cавт. на том Стивън Дж. Хайслоп; прев. на том Сашка Тодорова Георгиева. _nТ. 6 _pПоходът на исляма 600 г. сл. Хр. - 800 г. сл. Хр. |
| 257 | _aGBR | ||
| 260 |
_bТайм Лайф _c1994 - _fЗа том: Белгия : Brepols |
||
| 300 | _c28 см | ||
| 380 | _a9 | ||
| 500 | _aОриг. загл. History of the World | ||
| 504 | _a172-173 | ||
| 650 | 4 |
_aистория _9157727 |
|
| 650 | 4 |
_aИсторически паметници _9252410 |
|
| 650 | 4 |
_aЦивилизации _9177255 |
|
| 653 | _aистория | ||
| 700 | 1 |
_aХайслоп, Стивън Дж. _eавт. на том _9135806 |
|
| 700 | 1 |
_aГеоргиева, Сашка Тодорова _eпрев. на том _9252412 |
|
| 760 | 1 |
_dАбагар Холдинг, 1996 _h176 с. : с цв. ил. _nСъдържа и Хронология на основните събития. - Библиогр. с. 172-173 ; Азб. показалец ; Показалец на ил. Съдържа : Търсенията на Пророка ; Променящото се лице на Европа ; Изграждане на империята на Изтока ; Страната на изгряващото слънце _tТ. 6 Походът на исляма 600 г. сл. Хр. - 800 г. сл. Хр. |
|
| 852 |
_aЦб ІІ 8245 _bЦб |
||
| 856 | 4 |
_qpdf _u |
|
| 856 | 4 |
_qpdf _u |
|
| 942 |
_cKNG _n0 _s1 |
||
| 944 |
_aCR _c15.01.2003 _kГеновева_Генчева |
||
| 944 |
_aED _c17.06.2010 |
||
| 999 | _d11564 | ||